Êtes-vous rapide ? Test de rapidité un, deux... - Statistiques

Statistiques générales
  • Ce quiz a été pris 2 519 fois
  • Le résultat moyen est 9 sur 15
Statistiques - réponses
Nombre : Mots : Réponse : % Correct
1 Un Un
100%
2 Deux Deux
93%
3 Trois Trois
89%
4 Quatre Quatre
86%
5 Cinq Cinq
83%
6 Six Six
80%
7 Sept Sept
77%
8 Huit Huit
70%
9 Neuf Neuf
64%
10 Dix Dix
57%
11 Onze Onze
48%
12 Douze Douze
37%
13 Treize Treize
24%
14 Quatorze Quatorze
9%
15 Quinze Quinze
6%
Aucun quiz correspondant
Distribution des résultats
% des personnes avec chaque résultat
Percentile par nombre de réponses
Votre historique - résultats
Vous n’avez pas pris ce quiz